MARC details
| 000 -LEADER |
| fixed length control field |
02886cam a2200529 a 4500 |
| 001 - CONTROL NUMBER |
| control field |
16919423 |
| 005 - DATE AND TIME OF LATEST TRANSACTION |
| control field |
20210414113937.0 |
| 008 - FIXED-LENGTH DATA ELEMENTS--GENERAL INFORMATION |
| fixed length control field |
110815s2008 cc a b 001 0 eng d |
| 010 ## - LIBRARY OF CONGRESS CONTROL NUMBER |
| LC control number |
2011291014 |
| 015 ## - NATIONAL BIBLIOGRAPHY NUMBER |
| National bibliography number |
08,N05,0029 |
| Source |
dnb |
| 016 7# - NATIONAL BIBLIOGRAPHIC AGENCY CONTROL NUMBER |
| Record control number |
987050214 |
| Source |
DE-101 |
| 020 ## - INTERNATIONAL STANDARD BOOK NUMBER |
| International Standard Book Number |
9780596517717 (pbk.) |
| 020 ## - INTERNATIONAL STANDARD BOOK NUMBER |
| International Standard Book Number |
0596517718 (pbk.) |
| 035 ## - SYSTEM CONTROL NUMBER |
| System control number |
(OCoLC)ocn226261761 |
| 040 ## - CATALOGING SOURCE |
| Original cataloging agency |
OQX |
| Language of cataloging |
eng |
| Transcribing agency |
OQX |
| Modifying agency |
BAKER |
| -- |
JCU |
| -- |
BTCTA |
| -- |
YDXCP |
| -- |
BWX |
| -- |
NSB |
| -- |
IBS |
| -- |
LMR |
| -- |
CQU |
| -- |
PMIPA |
| -- |
DEBBG |
| -- |
OCL |
| -- |
DEBSZ |
| -- |
DLC |
| 042 ## - AUTHENTICATION CODE |
| Authentication code |
lccopycat |
| 050 00 - LIBRARY OF CONGRESS CALL NUMBER |
| Classification number |
HD69.P75 B47 |
| 082 04 - DEWEY DECIMAL CLASSIFICATION NUMBER |
| Classification number |
658.404 |
| Edition number |
22 |
| 084 ## - OTHER CLASSIFICATION NUMBER |
| Classification number |
004 |
| Number source |
sdnb |
| 084 ## - OTHER CLASSIFICATION NUMBER |
| Classification number |
SR 870 |
| Number source |
rvk |
| 084 ## - OTHER CLASSIFICATION NUMBER |
| Classification number |
ST 870 |
| Number source |
rvk |
| 084 ## - OTHER CLASSIFICATION NUMBER |
| Classification number |
WIR 554f |
| Number source |
stub |
| 100 1# - MAIN ENTRY--PERSONAL NAME |
| Personal name |
Berkun, Scott. |
| 245 10 - TITLE STATEMENT |
| Title |
Making things happen :mastering project management. / |
| Statement of responsibility, etc. |
Scott Berkun. |
| 250 ## - EDITION STATEMENT |
| Edition statement |
1st ed. |
| 260 ## - PUBLICATION, DISTRIBUTION, ETC. |
| Place of publication, distribution, etc. |
Beijing ; |
| -- |
Sebastopol [CA] : |
| Name of publisher, distributor, etc. |
O'Reilly, |
| Date of publication, distribution, etc. |
c2008. |
| 300 ## - PHYSICAL DESCRIPTION |
| Extent |
xiii, 392 p. : |
| Other physical details |
ill. ; |
| Dimensions |
24 cm. |
| 490 1# - SERIES STATEMENT |
| Series statement |
Theory in practice |
| 500 ## - GENERAL NOTE |
| General note |
Rev. ed. of: The art of project management, O'Reilly, 2005. |
| 504 ## - BIBLIOGRAPHY, ETC. NOTE |
| Bibliography, etc. note |
Includes bibliographical references (p. 361-367) and index. |
| 505 0# - FORMATTED CONTENTS NOTE |
| Formatted contents note |
Contents: A Brief history of project management (and why you should care) -- The Truth about schedules -- How to figure out what to do -- Writing the good vision -- Where ideas come from -- What to do with ideas once you have them -- Writing good specifications -- How to make good decisions -- Communication and relationships -- How not to annoy people : process, email, and meetings -- What to do when things go wrong -- Why leadership is based on trust -- Making things happen -- Middle-game strategy -- End-game strategy -- Power and politics -- Appendix: A Guide for discussion groups. |
| 650 #0 - SUBJECT ADDED ENTRY--TOPICAL TERM |
| Topical term or geographic name entry element |
Project management. |
| 650 #0 - SUBJECT ADDED ENTRY--TOPICAL TERM |
| Topical term or geographic name entry element |
Leadership. |
| 650 #7 - SUBJECT ADDED ENTRY--TOPICAL TERM |
| Topical term or geographic name entry element |
Project Management (PM) |
| Source of heading or term |
pmcsg |
| 650 07 - SUBJECT ADDED ENTRY--TOPICAL TERM |
| Topical term or geographic name entry element |
Projektmanagement. |
| Source of heading or term |
swd |
| 650 07 - SUBJECT ADDED ENTRY--TOPICAL TERM |
| Topical term or geographic name entry element |
Softwareentwicklung. |
| Source of heading or term |
swd |
| 700 1# - ADDED ENTRY--PERSONAL NAME |
| Personal name |
Berkun, Scott. |
| Title of a work |
Art of project management. |
| 830 #0 - SERIES ADDED ENTRY--UNIFORM TITLE |
| Uniform title |
Theory in practice (Sebastopol, Calif.) |
| 856 41 - ELECTRONIC LOCATION AND ACCESS |
| Materials specified |
Table of contents |
| Uniform Resource Identifier |
<a href="http://bvbr.bib-bvb.de:8991/F?func=service&doc_library=BVB01&doc_number=016811413&line_number=0001&func_code=DB_RECORDS&service_type=MEDIA">http://bvbr.bib-bvb.de:8991/F?func=service&doc_library=BVB01&doc_number=016811413&line_number=0001&func_code=DB_RECORDS&service_type=MEDIA</a> |
| 856 4# - ELECTRONIC LOCATION AND ACCESS |
| Electronic format type |
text/html |
| Uniform Resource Identifier |
<a href="http://swbplus.bsz-bw.de/bsz280339372cov.htm">http://swbplus.bsz-bw.de/bsz280339372cov.htm</a> |
| Materials specified |
Cover |
| 856 4# - ELECTRONIC LOCATION AND ACCESS |
| Contact for access assistance |
V:DE-605;X:Imageware |
| Electronic format type |
text/plain |
| Uniform Resource Identifier |
<a href="http://digitool.hbz-nrw.de:1801/webclient/DeliveryManager?pid=3302753">http://digitool.hbz-nrw.de:1801/webclient/DeliveryManager?pid=3302753</a> |
| Materials specified |
Inhaltsverzeichnis |
| 856 4# - ELECTRONIC LOCATION AND ACCESS |
| Contact for access assistance |
V:DE-605;X:Imageware |
| Electronic format type |
application/pdf |
| Uniform Resource Identifier |
<a href="http://digitool.hbz-nrw.de:1801/webclient/DeliveryManager?pid=3302752">http://digitool.hbz-nrw.de:1801/webclient/DeliveryManager?pid=3302752</a> |
| Materials specified |
Inhaltsverzeichnis |
| 856 4# - ELECTRONIC LOCATION AND ACCESS |
| Uniform Resource Identifier |
<a href="http://digitool.hbz-nrw.de:1801/webclient/DeliveryManager?pid=3302753&custom%5Fatt%5F2=simple%5Fviewer">http://digitool.hbz-nrw.de:1801/webclient/DeliveryManager?pid=3302753&custom%5Fatt%5F2=simple%5Fviewer</a> |
| Link text |
Making things happen |
| Materials specified |
Inhaltsverzeichnis |
| 906 ## - LOCAL DATA ELEMENT F, LDF (RLIN) |
| a |
7 |
| b |
cbc |
| c |
copycat |
| d |
3 |
| e |
ncip |
| f |
20 |
| g |
y-gencatlg |
| 942 ## - ADDED ENTRY ELEMENTS (KOHA) |
| Source of classification or shelving scheme |
Library of Congress Classification |
| Koha item type |
Books |